Bibliothèque verte. Retrouvez une des oeuvres de l'auteur (4) Q à Z - Statistiques

Statistiques générales
  • Ce quiz a été pris 3 fois
  • Le résultat moyen est 17 sur 46
Statistiques - réponses
Hint Réponse % Correct
Alfred de Vigny Cinq-{Mars} Planète rouge
100%
J.-H. Rosny ainé Le {félin} géant Chat ou lion
100%
Mickey Spillane Le {jour} où la mer disparut 24 heures
100%
André Savignon Le secret des {eaux} H2O X x
100%
Kate Douglas Wiggin Les {Locataires} de la maison jaune Ont pris un bail
100%
Jane Rushing Marie-{Colombe} Symbole de paix
100%
Mazo de la Roche {Trois} petits diables 1 + 2
100%
Lewis Wallace Ben Hur
50%
Norbert Sevestre Boule-de-{Neige} Ensemble de flocons
50%
Antoine Reboul Burk Murding le trappeur | La patrouille sous la mer | Tu ne tueras {point} Pas
50%
Rémy Compagnons de l'{honneur} Loyauté
50%
Louis-Frédéric Rouquette La bête errante | Le grand silence {blanc} Complément du noir
50%
Robert Silverberg La guerre du {froid} Solidifie l'eau
50%
Edmond Rostand L'Aiglon | Cyrano de Bergerac
50%
George Sand La petite Fadette | François le Champi | La mare au diable
50%
Emile Zola Le {Rêve} Songe
50%
David Wagoner Les chasseurs d'{empreintes} Marques laissées
50%
Haroun Tazieff Les rendez-vous du {diable} Satan
50%
Samivel M. Dumollet sur le {Mont Blanc} Chamonix...
50%
Jacques Talrich Mon chien, mon {île} et moi Entourée d'eau
50%
Maurice Trintignant Pilote de {course} Concours de vitesse
50%
Henry Williamson Salar le {saumon} Poisson rose
50%
Mark Twain Tom Sawyer | Les aventures de Huck Finn | Le prince et le pauvre
50%
Jules Verne Un drame en Livonie | Voyage au centre de la Terre | La Chasse au météore | Le Chancellor | Martin Paz | Michel Strogoff | 20000 lieues sous les mer | De la Terre à la Lune | Les cinq cents millions de la Begum | Un capitaine de quinze ans | Les naufragés de l'air | L'Abandonné | Le secret de l'île | L'Etoile du sud | Les Anglais du Pôle Nord | Autour de la Lune | Le désert de glace | L'école des Robinsons | Le rayon vert | Le Secret de Wilhelm Storitz | Kéraban-le-Têtu | Le Pilote du Danube | Un billet de loterie | L'Invasion de la mer | Robur le Conquérant | L'Archipel en feu | L'Épave du Cynthia | La maison à vepeur | L'île à hélice | Le serpent de mer | Les Frères Kip | Maître du monde | Cinq semaines en ballon | Le superbe Orénoque | Le phare du bout du monde | Face au drapeau | Une ville flottante | Les enfants du capitaine Grant | Le tour du monde en 80 jours | L'île mystérieuse | Mathias Sandorf | La Jangada
50%
Betty Smith Une petite fille de {Brooklyn} A New York
50%
Jean de la Varende Un sot {mariage} Union
50%
Heinz Randow Dans la jungle de {Ceylan} | De la jungle à la terre de feu Sri Lanka
0%
Léo Valentin Je suis un homme {oiseau} Il vole
0%
Eric Thompson Seton Krag le {Mouflon} Chèvre sauvage
0%
Charles Roberts La grande {chasse} du renard rouge Ouvre à l'automne
0%
Raphaël Sabatini Le {capitaine} Blood Au-dessus du lieutenant
0%
Marc Soriano Le {colonel} introuvable | L'homme du vendredi | Le mystère de la cigogne jaune Officier
0%
Lucie Rauzier-Fontaine Le cousin du {Brésil} | L'invitée inattendue Chez les Cariocas
0%
Louis Wolfe Le grand voyage des {océanautes} Navigateurs
0%
Eugène Thébault Les Robinsons de la {Somme} 80
0%
Paul Vincent Les suites d'un {pari} Pris en topant
0%
Robert Louis Stevenson L'Ile au trésor | La flèche noire | Dr Jekyll et M. Hyde
0%
Ann Rutgers Van der Loeff L'{Oregon} était au bout de la piste Etat du Castor
0%
Jerrard Tickell {Péril} en Armorel Danger
0%
Colonel Rozanoffp {Pilote} d'essai Sorte de conducteur
0%
Henri Thilliez Pionniers du {cosmos} Tout l'univers
0%
Walter Scott Quentin Durward | La fiancée de Lammermoor
0%
Henryk Sienkiewicz Quo vadis ? Latin
0%
Claude Stokis {Réseau} clandestin Peut être social
0%
Pierre Véry Signé Alouette | Les héritiers d'{avril} 4/12
0%
Edgar Rice Burroughs Tarzan
0%
Aucun quiz correspondant
Distribution des résultats
% des personnes avec chaque résultat
Percentile par nombre de réponses
Votre historique - résultats
Vous n’avez pas pris ce quiz